Normal view
MARC view
Entry Uniform Title
001 - CONTROL NUMBER
- control field: 27403
003 - CONTROL NUMBER IDENTIFIER
- control field: dpl
005 - DATE AND TIME OF LATEST TRANSACTION
- control field: 20110421115607.0
008 - FIXED-LENGTH DATA ELEMENTS
- fixed length control field: 110421|||a|||||| | ||| d
040 ## - CATALOGING SOURCE
- Original cataloging agency: dpl
- Transcribing agency: dpl
130 ## - HEADING--UNIFORM TITLE
- Uniform title: JavaFX (Electronic resource)
670 ## - SOURCE DATA FOUND
- Source citation: Work cat.: (dpl): 27399 DiMarzio, J. F., JavaFX :, 2011
670 ## - SOURCE DATA FOUND
- Source citation: Work cat.: (dpl): 27399 DiMarzio, J. F., JavaFX :, 2011
